Development validation, and acceptability of modules In trigonometry of fourth year High School Students/ (Record no. 11247)
[ view plain ]
| 000 -LEADER | |
|---|---|
| fixed length control field | 01362nam a22002897i 4500 |
| 003 - CONTROL NUMBER IDENTIFIER | |
| control field | URS |
| 005 - DATE AND TIME OF LATEST TRANSACTION | |
| control field | 20240513184628.0 |
| 008 - FIXED-LENGTH DATA ELEMENTS--GENERAL INFORMATION | |
| fixed length control field | 200303b ||||| |||| 00| 0 eng d |
| 040 ## - CATALOGING SOURCE | |
| Transcribing agency | URS |
| 050 00 - LIBRARY OF CONGRESS CALL NUMBER | |
| Classification number | LG 221. R59. D1923 |
| Item number | 2013 |
| 100 10 - MAIN ENTRY--PERSONAL NAME | |
| Personal name | Cruz, Ronnie |
| Relator term | Researcher |
| 245 10 - TITLE STATEMENT | |
| Title | Development validation, and acceptability of modules In trigonometry of fourth year High School Students/ |
| Statement of responsibility, etc. | Cruz, Ronnie, Charlotte Deguzman, Bill Clinton Regorgo, [and] Jeffrey Bajas. |
| 260 ## - PUBLICATION, DISTRIBUTION, ETC. | |
| Date of publication, distribution, etc. | 2013 |
| 300 ## - PHYSICAL DESCRIPTION | |
| Extent | xii, 78 leaves, |
| Other physical details | illustrations, |
| Dimensions | 28 cm |
| 336 ## - CONTENT TYPE | |
| Source | rdacontent |
| Content type term | text |
| 337 ## - MEDIA TYPE | |
| Source | rdamedia |
| Media type term | unmediated |
| 338 ## - CARRIER TYPE | |
| Source | rdacarrier |
| Carrier type term | volume |
| 502 ## - DISSERTATION NOTE | |
| Dissertation note | Undergraduate Study Thesis |
| Degree type | Bachelor of Secondary Education Major In Mathematics |
| Name of granting institution | University of Rizal System |
| Year degree granted | 2013 |
| 520 ## - SUMMARY, ETC. | |
| Summary, etc. | This study aimed to develop, Validate and determine the level the acceptability of modules in Trigonometry, which will serve as supplementary instructional material in Teaching Trigonometry. This was conducted during the school year 2013-2014 at Kasiglahan village National High School |
| 650 ## - SUBJECT ADDED ENTRY--TOPICAL TERM | |
| Topical term or geographic name entry element | Trigonometrical functions. |
| 650 #0 - SUBJECT ADDED ENTRY--TOPICAL TERM | |
| Topical term or geographic name entry element | Geometry, Analytic-Plane. |
| 700 ## - ADDED ENTRY--PERSONAL NAME | |
| Personal name | Charlotte Deguzman |
| Relator term | Researcher |
| 700 ## - ADDED ENTRY--PERSONAL NAME | |
| Personal name | Jeffrey Bajas |
| Relator term | Researcher |
| 700 ## - ADDED ENTRY--PERSONAL NAME | |
| Personal name | Bill Clinton Regorgo |
| Relator term | Researcher |
| 700 ## - ADDED ENTRY--PERSONAL NAME | |
| Personal name | Llaresna, emmanuel M. |
| Relator term | Adviser |
| 942 ## - ADDED ENTRY ELEMENTS (KOHA) | |
| Source of classification or shelving scheme | Library of Congress Classification |
| Koha item type | Theses and dissertations |
| Withdrawn status | Source of classification or shelving scheme | Damaged status | Not for loan | Home library | Current library | Shelving location | Date acquired | Total Checkouts | Full call number | Barcode | Date last seen | Price effective from | Koha item type | Copy number |
|---|---|---|---|---|---|---|---|---|---|---|---|---|---|---|
| Library of Congress Classification | Not For Loan | Rodriguez College Library | Rodriguez College Library | Undergraduate Theses | 04/27/2024 | LG 221. R59. C8892 2013 | URSROD-UGT-MATH-0689 | 05/13/2024 | 05/13/2024 | Theses and dissertations | c1 | |||
| Library of Congress Classification | Rodriguez College Library | Rodriguez Graduate Library | Undergraduate Theses | 03/03/2020 | LG 221.R59. D1923 2013 | URSROD-UGT-MATH-0682 | 03/03/2020 | 03/03/2020 | Theses and dissertations |